| 000 | 00000nam##2200000za#4500 |
| 001 | 9.604803 |
| 003 | CaOODSP |
| 005 | 20220901164727 |
| 007 | cr ||||||||||| |
| 008 | 150406|1995||||xxc|||||o f|0| 0 fre|d |
| 040 | |aCaOODSP|bfre |
| 043 | |an-cn--- |
| 086 | 1 |aJ3-7/1996-12F-PDF |
| 110 | 1 |aCanada.|bJustice Canada. |
| 245 | 10|aGarde, droit de visite et pension alimentaire pour l'enfant ou le conjoint / |h[ressource électronique]|c[par] Desmond Ellis. |
| 260 | |aOttawa - Ontario : |bJustice Canada |c1995. |
| 490 | 1 |aRapport technique|vTR1996-12f |
| 590 | |a12-40-Supp|b2012-10-23 |
| 720 | 1 |aEllis, Desmond |
| 775 | 08|tCustody, access and child/spousal support / |w(CaOODSP)9.575266 |
| 830 | #0|aRapport technique ;|vTR1996-12f|w(CaOODSP)9.502068 |
| 856 | 40|ahttp://publications.gc.ca|qPDF|s201 Ko|uhttps://publications.gc.ca/collections/collection_2012/jus/J3-7-1996-12-fra.pdf|yTR1996-12f |